000 01125nam0a2200301 4500
001 RU\NLR\BIBL_A\011664232
005 20180425155405.0
010 _a978-5-88170-294-6
_9300
021 _aRU
_bКН-П-18-007994
_9КН-П-18-0553
035 _a(NLR Aleph) 011664232
090 _a11198773
_c11198773
100 _a20180323d2017 b y0rusy50 ca
101 0 _avep
102 _aRU
105 _aa z 000 y
200 1 _aМесеlӓjiden polhe
_fValentina Rogozina
_g[худож. Е. М. Василисина]
210 _aPetroskoi
_cPeriodika
_d2017
215 _a23 c.
_cцв. ил.
_d17
333 _aПродаже не подлежит
541 1 _6z01790
_aО лесных животных
_eстихи для самых маленьких
_zrus
686 1 _aШ9(2)6=Вепс-5
700 1 _aRogozina
_bV.
_gValentina
_4070
702 1 _aВасилисина
_bЕ. М.
_gЕлена Михайловна
_4440
790 1 _6z01541
_aРогозина
_bВ. В.
_gВалентина Викторовна
_4070
852 _aNLR
_bОНЛ
_jВепс./2-31
942 _cBOOK
980 _aNB